000 00409nam a2200133Ia 4500
008 211119s9999||||xx |||||||||||||| ||und||
082 _a954
_bCHE-N
100 _aCheekkilode, Surendran
245 0 _aNavotthanakalathe Keralam
260 _bMathrubhoomi
_aKozhikodu
_c2015
300 _a85p
650 _aHistory & geography
_vHistory of Asia; Far EastSouth Asia; IndiaMalayalam
_xGeneral Stack
942 _cBOOK
999 _c119931
_d119931